Extension service review /

Bibliographic Details
New Title:Extension review
Previous Title:This looks good
Home demonstration review
Boys' and girls' 4-H club leader
Corporate Authors: United States. Extension Service, United States. Federal Extension Service
Format: Government Document Journal
Language:English
Published: Washington, D.C. : Extension Service : [1930-1978]
Subjects:
Online Availability: Check for online availability

MARC

Tag First Indicator Second Indicator Subfields
LEADER 00000cas a2200000 a 4500
001 in00000852213
005 20151019081010.0
008 780601d19301978dcumr p f0 a0eng c
010 |a agr30000359   |z  75646963  
019 |a 1768394  |a 2446828  |a 7634710  |a 7791900  |a 20640261  |a 24506996 
022 0 |a 0014-5408  |2 1 
029 1 |a NLGGC  |b 044692099 
029 1 |a AU@  |b 000001351334 
029 1 |a AU@  |b 000012975123 
029 1 |a AU@  |b 000023995791 
035 |a (OCoLC)ocm03805487 
035 |a (OCoLC)3805487  |z (OCoLC)1768394  |z (OCoLC)2446828  |z (OCoLC)7634710  |z (OCoLC)7791900  |z (OCoLC)20640261  |z (OCoLC)24506996 
040 |a U.S. Dept. of Agr. Libr.  |c YOM  |d NSD  |d OCL  |d COO  |d NSD  |d OCL  |d NSD  |d DLC  |d NST  |d OCL  |d NYG  |d NSD  |d AGL  |d IUL  |d MTG  |d TXA  |d UtOrBLW 
042 |a lc  |a nsdp 
043 |a n-us--- 
049 |a TXAM 
050 0 0 |a S544  |b .A35 
070 0 |a 1  |b Ex892Ex 
072 0 |a C210 
082 1 |a 630/.7/15 
086 0 |a A 43.7: 
210 0 |a Ext. serv. rev. 
222 0 |a Extension service review 
245 0 0 |a Extension service review /  |c issued monthly by the Extension Service, United States Department of Agriculture. 
264 1 |a Washington, D.C. :  |b Extension Service :  |c [1930-1978] 
264 2 |a Washington, D.C. :  |b For sale by the Supt. of Docs., 
300 |a 41 volumes :  |b illustrations, portraits ;  |c 29 cm. 
310 |a Monthly,  |b Sept. 1933-Mar. 1970 
321 |a Monthly,  |b May 1930-July 1932 
321 |a Bimonthly,  |b Sept. 1932-July 1933 
336 |a text  |b txt  |2 rdacontent 
337 |a unmediated  |b n  |2 rdamedia 
338 |a volume  |b nc  |2 rdacarrier 
362 1 |a Vol. 1, no. 1 (May 1930)-v. 49, no. 1 (Jan./Feb. 1978). 
500 |a Title from cover. 
515 |a Some issues published in combined form. 
550 |a Issued by: the Extension Service, 1930-Nov. 1954; the Federal Extension Service, Dec. 1954-Mar. 1970; the Extension Service, Apr. 1970-1978. 
580 |a Formed by the merger of: Boys' and girls' 4-H club leader; Home demonstration review, and: This looks good. 
650 0 |a Agricultural extension work  |v Periodicals. 
650 0 |a Agricultural extension work  |z United States  |v Periodicals. 
710 1 |a United States.  |b Extension Service. 
710 1 |a United States.  |b Federal Extension Service. 
780 1 4 |t This looks good  |w (DLC)sn 96015450  |w (OCoLC)36062071 
780 1 4 |t Home demonstration review  |w (DLC)sn 96015448  |w (OCoLC)36061701 
780 1 4 |t Boys' and girls' 4-H club leader  |w (DLC)sn 96015449  |w (OCoLC)20921317 
785 0 0 |t Extension review  |x 0162-9875  |w (DLC) 78645572  |w (OCoLC)3959808 
850 |a DLC  |a DNAL  |a N  |a NvU  |a T 
994 |a C0  |b TXA 
948 |a cataloged  |b h  |c 2008/7/15  |d c  |e lfurubot  |g cross overlay 
999 |a MARS 
999 f f |s 113cae5d-d5d6-34f4-826a-b5d7d324c39b  |i 13357cff-3caa-3d55-9cd8-222b770d6076  |t 0 
952 f f |p normal  |a Texas A&M University  |b College Station  |c Sterling C. Evans Library  |d Evans: US Documents (Annex 5th floor)  |t 0  |e A 43.7:  |h Superintendent of Documents classification  |i unmediated -- volume  |k v.44 -46  |l 1973-1975  |m A14813260420 
952 f f |p normal  |a Texas A&M University  |b College Station  |c Sterling C. Evans Library  |d Evans: US Documents (Annex 5th floor)  |t 0  |e A 43.7:  |h Superintendent of Documents classification  |i unmediated -- volume  |k v.19 -v.20  |l 1948-1949  |m A14813260064 
952 f f |p normal  |a Texas A&M University  |b College Station  |c Sterling C. Evans Library  |d Evans: US Documents (Annex 5th floor)  |t 0  |e A 43.7:  |h Superintendent of Documents classification  |i unmediated -- volume  |k v.47-48, v.49:no.1  |l 1976-1978  |m A14813260226 
952 f f |p normal  |a Texas A&M University  |b College Station  |c Sterling C. Evans Library  |d Evans: US Documents (Annex 5th floor)  |t 0  |e A 43.7:  |h Superintendent of Documents classification  |i unmediated -- volume  |k v.36 -v.37  |l 1965-1966  |m A14813260462 
952 f f |p normal  |a Texas A&M University  |b College Station  |c Sterling C. Evans Library  |d Evans: US Documents (Annex 5th floor)  |t 0  |e A 43.7:  |h Superintendent of Documents classification  |i unmediated -- volume  |k v.13 -v.14  |l 1942-1943  |m A14813259916 
952 f f |p normal  |a Texas A&M University  |b College Station  |c Sterling C. Evans Library  |d Evans: US Documents (Annex 5th floor)  |t 0  |e A 43.7:  |h Superintendent of Documents classification  |i unmediated -- volume  |k v.23 -v.24  |l 1952-1953  |m A14813260161 
952 f f |p normal  |a Texas A&M University  |b College Station  |c Sterling C. Evans Library  |d Evans: US Documents (Annex 5th floor)  |t 0  |e A 43.7:  |h Superintendent of Documents classification  |i unmediated -- volume  |k v.25 -v.26  |l 1954-1955  |m A14813260218 
952 f f |p normal  |a Texas A&M University  |b College Station  |c Sterling C. Evans Library  |d Evans: US Documents (Annex 5th floor)  |t 0  |e A 43.7:  |h Superintendent of Documents classification  |i unmediated -- volume  |k v.29  |l 1958  |m A14813260268 
952 f f |p normal  |a Texas A&M University  |b College Station  |c Sterling C. Evans Library  |d Evans: US Documents (Annex 5th floor)  |t 0  |e A 43.7:  |h Superintendent of Documents classification  |i unmediated -- volume  |k v.30 -v.31  |l 1959-1960  |m A14813260315 
952 f f |p normal  |a Texas A&M University  |b College Station  |c Sterling C. Evans Library  |d Evans: US Documents (Annex 5th floor)  |t 0  |e A 43.7:  |h Superintendent of Documents classification  |i unmediated -- volume  |k v.34 -v.35  |l 1963-1964  |m A14813260412 
952 f f |p normal  |a Texas A&M University  |b College Station  |c Sterling C. Evans Library  |d Evans: US Documents (Annex 5th floor)  |t 0  |e A 43.7:  |h Superintendent of Documents classification  |i unmediated -- volume  |k v.4 -v.6  |l 1933-1936  |m A14813259827 
952 f f |p normal  |a Texas A&M University  |b College Station  |c Sterling C. Evans Library  |d Evans: US Documents (Annex 5th floor)  |t 0  |e A 43.7:  |h Superintendent of Documents classification  |i unmediated -- volume  |k v.11 -v.12  |l 1940-1941  |m A14813259877 
952 f f |p normal  |a Texas A&M University  |b College Station  |c Sterling C. Evans Library  |d Evans: US Documents (Annex 5th floor)  |t 0  |e A 43.7:  |h Superintendent of Documents classification  |i unmediated -- volume  |k v.15 -v.16  |l 1944-1945  |m A14813259966 
952 f f |p normal  |a Texas A&M University  |b College Station  |c Sterling C. Evans Library  |d Evans: US Documents (Annex 5th floor)  |t 0  |e A 43.7:  |h Superintendent of Documents classification  |i unmediated -- volume  |k v.32 -v.33  |l 1961-1962  |m A14813260365 
952 f f |p normal  |a Texas A&M University  |b College Station  |c Sterling C. Evans Library  |d Evans: US Documents (Annex 5th floor)  |t 0  |e A 43.7:  |h Superintendent of Documents classification  |i unmediated -- volume  |k v.7 -v.8  |l 1936-1937  |m A14813259835 
952 f f |p normal  |a Texas A&M University  |b College Station  |c Sterling C. Evans Library  |d Evans: US Documents (Annex 5th floor)  |t 0  |e A 43.7:  |h Superintendent of Documents classification  |i unmediated -- volume  |k v.1 -v.3  |l 1930-1932  |m A14813259819 
952 f f |p normal  |a Texas A&M University  |b College Station  |c Sterling C. Evans Library  |d Evans: US Documents (Annex 5th floor)  |t 0  |e A 43.7:  |h Superintendent of Documents classification  |i unmediated -- volume  |k v.40 -v.41  |l 1969-1970  |m A14813260022 
952 f f |p normal  |a Texas A&M University  |b College Station  |c Sterling C. Evans Library  |d Evans: US Documents (Annex 5th floor)  |t 0  |e A 43.7:  |h Superintendent of Documents classification  |i unmediated -- volume  |k v.17 -v.18  |l 1946-1947  |m A14813260014 
952 f f |p normal  |a Texas A&M University  |b College Station  |c Sterling C. Evans Library  |d Evans: US Documents (Annex 5th floor)  |t 0  |e A 43.7:  |h Superintendent of Documents classification  |i unmediated -- volume  |k v.27 -v.28  |l 1956-1957  |m A14813259924 
952 f f |p normal  |a Texas A&M University  |b College Station  |c Sterling C. Evans Library  |d Evans: US Documents (Annex 5th floor)  |t 0  |e A 43.7:  |h Superintendent of Documents classification  |i unmediated -- volume  |k v.42-43  |l 1971-1972  |m A14813260072 
952 f f |p normal  |a Texas A&M University  |b College Station  |c Sterling C. Evans Library  |d Evans: US Documents (Annex 5th floor)  |t 0  |e A 43.7:  |h Superintendent of Documents classification  |i unmediated -- volume  |k v.21 -v.22  |l 1950-1951  |m A14813260111 
952 f f |p normal  |a Texas A&M University  |b College Station  |c Sterling C. Evans Library  |d Evans: US Documents (Annex 5th floor)  |t 0  |e A 43.7:  |h Superintendent of Documents classification  |i unmediated -- volume  |k v.9 -v.10  |l 1938-1939  |m A14813259869 
952 f f |p normal  |a Texas A&M University  |b College Station  |c Sterling C. Evans Library  |d Evans: US Documents (Annex 5th floor)  |t 0  |e A 43.7:  |h Superintendent of Documents classification  |i unmediated -- volume  |k v.38 -v.39  |l 1967-1968  |m A14813259974 
998 f f |a A 43.7:  |s v.49:no.1 (1978:Jan./Feb.)  |t 0  |l Evans: US Documents (Annex 5th floor)